Application of Digital Auskultometer in Radiotherapy; Advanced Materials Research : Radiation and nuclear techniques in material science; Vol. 1084 : Physical-Technical Problems of Nuclear Science, Energy Generation, and Power Industry (PTPAI -2014)
| Parent link: | Advanced Materials Research : Radiation and nuclear techniques in material science: Scientific Journal Vol. 1084 : Physical-Technical Problems of Nuclear Science, Energy Generation, and Power Industry (PTPAI -2014).— 2015.— [P. 349-351] |
|---|---|
| 第一著者: | |
| 団体著者: | |
| その他の著者: | , |
| 要約: | Title screen With the development of science and technology electronic stethoscopes appeared that allow recording sounds and visualizing them. This article describes the development and investigation of the digital auscultometer. The results revealed that the device has a high sensitivity and resolution and will allow to diagnose the disease at an early stage. Режим доступа: по договору с организацией-держателем ресурса |
| 言語: | 英語 |
| 出版事項: |
2015
|
| シリーズ: | Radiation Technologies in Medicine |
| 主題: | |
| オンライン・アクセス: | http://dx.doi.org/10.4028/www.scientific.net/AMR.1084.349 |
| フォーマット: | 電子媒体 図書の章 |
| KOHA link: | https://koha.lib.tpu.ru/cgi-bin/koha/opac-detail.pl?biblionumber=640352 |
MARC
| LEADER | 00000nla2a2200000 4500 | ||
|---|---|---|---|
| 001 | 640352 | ||
| 005 | 20231101134117.0 | ||
| 035 | |a (RuTPU)RU\TPU\network\4898 | ||
| 035 | |a RU\TPU\network\4891 | ||
| 090 | |a 640352 | ||
| 100 | |a 20150415a2015 k y0engy50 ba | ||
| 101 | 0 | |a eng | |
| 105 | |a y z 100zy | ||
| 135 | |a drcn ---uucaa | ||
| 181 | 0 | |a i | |
| 182 | 0 | |a b | |
| 200 | 1 | |a Application of Digital Auskultometer in Radiotherapy |f A. N. Aleinik, R. K. Kusainov, N. D. Turgunova | |
| 203 | |a Text |c electronic | ||
| 225 | 1 | |a Radiation Technologies in Medicine | |
| 300 | |a Title screen | ||
| 330 | |a With the development of science and technology electronic stethoscopes appeared that allow recording sounds and visualizing them. This article describes the development and investigation of the digital auscultometer. The results revealed that the device has a high sensitivity and resolution and will allow to diagnose the disease at an early stage. | ||
| 333 | |a Режим доступа: по договору с организацией-держателем ресурса | ||
| 461 | 1 | |0 (RuTPU)RU\TPU\network\4598 |t Advanced Materials Research : Radiation and nuclear techniques in material science |o Scientific Journal | |
| 463 | 1 | |0 (RuTPU)RU\TPU\network\4600 |t Vol. 1084 : Physical-Technical Problems of Nuclear Science, Energy Generation, and Power Industry (PTPAI -2014) |o The VIth International Conference, June 5-7, 2014, Tomsk, Russia |o [proceedings] |f National Research Tomsk Polytechnic University (TPU) |v [P. 349-351] |d 2015 | |
| 610 | 1 | |a электронный ресурс | |
| 610 | 1 | |a труды учёных ТПУ | |
| 610 | 1 | |a быстрые преобразования | |
| 610 | 1 | |a преобразование Фурье | |
| 610 | 1 | |a лучевая терапия | |
| 610 | 1 | |a звуки | |
| 610 | 1 | |a визуализация | |
| 700 | 1 | |a Aleinik |b A. N. |c physicist |c Senior researcher of Tomsk Polytechnic University, Candidate of physical and mathematical science |f 1944- |g Aleksandr Nikonorovich |2 stltpush |3 (RuTPU)RU\TPU\pers\31074 | |
| 701 | 1 | |a Kusainov |b R. K. | |
| 701 | 1 | |a Turgunova |b N. D. |c Physicist |c Engineer of Tomsk Polytechnic University |f 1989- |g Nataliya Dzhuraboevna |2 stltpush |3 (RuTPU)RU\TPU\pers\31073 | |
| 712 | 0 | 2 | |a Национальный исследовательский Томский политехнический университет (ТПУ) |b Физико-технический институт (ФТИ) |b Кафедра прикладной физики (№ 12) (ПФ) |h 46 |2 stltpush |3 (RuTPU)RU\TPU\col\18729 |
| 801 | 2 | |a RU |b 63413507 |c 20161228 |g RCR | |
| 856 | 4 | |u http://dx.doi.org/10.4028/www.scientific.net/AMR.1084.349 | |
| 942 | |c CF | ||